[Event "37th World U20 ch"]
[Site "Kozhikode IND"]
[Date "1998.11.24"]
[Round "7.11"]
[White "Sutkovic, Damir"]
[Black "Ippolito, Dean"]
[Result "0-1"]
[WhiteElo "2205"]
[BlackElo "2430"]
[EventDate "1998.11.17"]
[PlyCount "72"]

1.c4 e6 2.Nf3 d5 3.g3 Nf6 4.Bg2 Be7 5.O-O O-O 6.b3 b6 7.Bb2 Bb7 8.e3 Nbd7 
9.Qe2 c5 10.Rd1 Qc7 11.Nc3 Rad8 12.Rac1 Qb8 13.cxd5 Nxd5 14.Nxd5 Bxd5 15.
e4 Bb7 16.d4 cxd4 17.Nxd4 Bf6 18.b4 Rfe8 19.f4 Be7 20.a3 a5 21.Qb5 axb4 
22.axb4 Nf6 23.Re1 Ba8 24.Nc6 Bxc6 25.Rxc6 Rd2 26.Bc3 Ra2 27.Rxb6 Qd8 28.
Rc6 Qd7 29.Qc4 Rea8 30.Bf3 Rc2 31.Bd1 Rc1 32.Be2 Rxe1+ 33.Bxe1 Ra1 34.Rc8+
Bf8 35.Kf2 Nxe4+ 36.Kf1 Nd2+ 0-1

[Event "37th World U20 ch"]
[Site "Kozhikode IND"]
[Date "1998.11.24"]
[Round "7.12"]
[White "Blehm, Pawel"]
[Black "Janssen, Ruud"]
[Result "1-0"]
[WhiteElo "2420"]
[BlackElo "2345"]
[EventDate "1998.11.17"]
[PlyCount "59"]

1.e4 c5 2.Nf3 d6 3.d4 Nf6 4.Nc3 cxd4 5.Qxd4 a6 6.e5 Nc6 7.Qa4 dxe5 8.Nxe5 
Bd7 9.Nxd7 Qxd7 10.Bd2 g6 11.O-O-O Bg7 12.Be3 Qc8 13.h3 O-O 14.g4 b5 15.
Qb3 Na5 16.Qb4 Nc6 17.Qc5 Nd7 18.Qd5 Nf6 19.Qb3 Na5 20.Qb4 Nc6 21.Qf4 e5 
22.Qf3 Qe6 23.Bg2 Rac8 24.g5 e4 25.Qf4 Nb4 26.gxf6 Nxa2+ 27.Nxa2 Qxa2 28.
fxg7 Rfd8 29.Rxd8+ Rxd8 30.c3 1-0

[Event "37th World U20 ch"]
[Site "Kozhikode IND"]
[Date "1998.11.24"]
[Round "7.14"]
[White "Harikrishna, Pentala"]
[Black "Khamrakulov, Ibragim"]
[Result "1/2-1/2"]
[WhiteElo "2200"]
[BlackElo "2315"]
[EventDate "1998.11.17"]
[PlyCount "140"]

1.c4 Nf6 2.Nc3 e6 3.e4 c5 4.e5 Ng8 5.Nf3 Nc6 6.d4 cxd4 7.Nxd4 Nxe5 8.Ndb5 
a6 9.Nd6+ Bxd6 10.Qxd6 f6 11.Be3 Ne7 12.Bb6 Nf5 13.Qc5 Qe7 14.O-O-O d6 15.
Qa3 O-O 16.f4 Ng6 17.g3 Qe8 18.Bg2 Bd7 19.Rhe1 Bc6 20.Bh3 Qf7 21.Kb1 Rfe8 
22.Ne4 d5 23.cxd5 exd5 24.Nc5 Rxe1 25.Rxe1 Nge7 26.Ne6 h5 27.Ka1 Kh8 28.
Nd8 Qg6 29.Rxe7 Nxe7 30.Qxe7 Qc2 31.Qe1 Bb5 32.Qb1 Qe2 33.Bf5 d4 34.Nf7+ 
Kg8 35.Nd6 d3 36.Nxb5 axb5 37.Qxd3 Qe1+ 38.Qb1 Qe2 39.Qh1 Qc4 40.Bb1 Re8 
41.Qd1 b4 42.h4 f5 43.Bc2 Qc6 44.Bd4 g6 45.Be5 Kh7 46.b3 Rc8 47.Bb1 Kh6 
48.Bb2 Qe6 49.Qd4 Qe7 50.Qb6 Rc6 51.Qa5 Rc8 52.Qd5 Rd8 53.Qc4 Kh7 54.Be5 
Rd2 55.g4 hxg4 56.h5 Rd8 57.hxg6+ Kxg6 58.Qe2 Kh5 59.Qh2+ Kg6 60.Qg3 Kf7 
61.Bxf5 Rd1+ 62.Bb1 Qd7 63.Qg2 Kf8 64.Qe4 g3 65.Qg6 Qf7 66.Qh6+ Ke8 67.
Qh8+ Ke7 68.Qh4+ Kf8 69.Qg4 Qd7 70.Qxg3 Ke8 1/2-1/2

[Event "37th World U20 ch"]
[Site "Kozhikode IND"]
[Date "1998.11.24"]
[Round "7.16"]
[White "Bakre, Tejas"]
[Black "Dervishi, Erald"]
[Result "0-1"]
[WhiteElo "2290"]
[BlackElo "2430"]
[EventDate "1998.11.17"]
[PlyCount "64"]

1.e4 e5 2.Nf3 Nc6 3.Bb5 a6 4.Ba4 Nf6 5.Qe2 Be7 6.c3 b5 7.Bb3 O-O 8.O-O d5 
9.d3 Re8 10.Bg5 Be6 11.Nbd2 Qd7 12.Rfd1 Rad8 13.Nf1 h6 14.Bh4 Nh5 15.Bg3 
Nxg3 16.hxg3 Bc5 17.d4 exd4 18.cxd4 Bb6 19.e5 Bg4 20.N1h2 Nxd4 21.Qd2 Bxf3
22.Nxf3 Nxf3+ 23.gxf3 Qh3 24.Qf4 g5 25.Qg4 Qxg4 26.fxg4 Rxe5 27.Kf1 c5 28.
Re1 Rxe1+ 29.Rxe1 c4 30.Bd1 d4 31.Re7 d3 32.Re1 Bd4 0-1

[Event "37th World U20 ch"]
[Site "Kozhikode IND"]
[Date "1998.11.24"]
[Round "7.17"]
[White "Grotz, Harald"]
[Black "Salmensuu, Olli"]
[Result "0-1"]
[WhiteElo "2225"]
[BlackElo "2420"]
[EventDate "1998.11.17"]
[PlyCount "126"]

1.e4 c5 2.Nf3 d6 3.d4 cxd4 4.Nxd4 Nf6 5.Nc3 g6 6.Bc4 Bg7 7.h3 O-O 8.O-O a6
9.Bb3 b5 10.Re1 Bb7 11.Bg5 Nc6 12.Nxc6 Bxc6 13.Nd5 Bxd5 14.Bxd5 Nxd5 15.
exd5 Re8 16.c3 Rc8 17.Re4 h6 18.Be3 Qd7 19.Bd4 Qf5 20.Qe2 Qxd5 21.Bxg7 
Kxg7 22.Rxe7 Rxe7 23.Qxe7 Qd2 24.Rb1 Qc2 25.Qe1 Re8 26.Qd1 Re2 27.Qd4+ Kh7
28.Rf1 Qxb2 29.a4 bxa4 30.Qxa4 Qxc3 31.Qxa6 Qe5 32.Rd1 Re1+ 33.Rxe1 Qxe1+ 
34.Kh2 d5 35.Qf6 Qe6 36.Qf4 Qf5 37.Qd4 Kg8 38.g3 Qe4 39.Qf6 d4 40.h4 Qd5 
41.Qf4 d3 42.Qd2 Qf3 43.Qb2 Qd5 44.Qd2 h5 45.Kg1 Kh7 46.Kh2 Qd4 47.Qa2 Kg7
48.Qd2 Kf8 49.Qh6+ Ke8 50.Qd2 Kd7 51.Kg1 Kd6 52.Kh2 Kc6 53.Kg1 Kb5 54.Kh2 
Kc4 55.Qa2+ Kb4 56.Qb1+ Ka3 57.Qc1+ Qb2 58.Qc5+ Qb4 59.Qc1+ Ka2 60.Qc6 d2 
61.Qd5+ Kb2 62.Qe5+ Kc2 63.Qe2 Qd4 0-1

[Event "37th World U20 ch"]
[Site "Kozhikode IND"]
[Date "1998.11.24"]
[Round "7.20"]
[White "Williams, Simon"]
[Black "Panchanathan, Magesh Chandran"]
[Result "1-0"]
[WhiteElo "2335"]
[BlackElo "2280"]
[EventDate "1998.11.17"]
[PlyCount "73"]

1.c4 Nf6 2.Nc3 e6 3.e4 d6 4.d4 e5 5.Nge2 Nbd7 6.g3 exd4 7.Nxd4 g6 8.Bg2 
Bg7 9.O-O O-O 10.f3 Nb6 11.b3 a5 12.Be3 Nfd7 13.Qd2 Nc5 14.Bh6 a4 15.Bxg7 
Kxg7 16.f4 axb3 17.axb3 Rxa1 18.Rxa1 Qf6 19.Re1 Re8 20.Qe3 h6 21.h4 c6 22.
Kh1 h5 23.Nf3 Nbd7 24.b4 Na6 25.e5 dxe5 26.fxe5 Qe7 27.b5 Nac5 28.Kh2 Qd8 
29.bxc6 bxc6 30.Qd4 Ne6 31.Qd6 Qa5 32.Ne4 c5 33.Rf1 Qb6 34.Nfg5 Nd8 35.Bh3
Rxe5 36.Qd2 Nf6 37.Rxf6 1-0

[Event "37th World U20 ch"]
[Site "Kozhikode IND"]
[Date "1998.11.24"]
[Round "7.22"]
[White "Sandipan, Chanda"]
[Black "Dovramadiev, Tikhomir"]
[Result "1-0"]
[WhiteElo "2305"]
[BlackElo "2210"]
[EventDate "1998.11.17"]
[PlyCount "37"]

1.e4 c5 2.Nf3 Nc6 3.Bb5 g6 4.c3 Bg7 5.d4 Qb6 6.Bc4 cxd4 7.O-O e6 8.cxd4 
Nxd4 9.Nc3 a6 10.Be3 Nxf3+ 11.Qxf3 Qb4 12.Bb3 Ne7 13.Na4 Nc6 14.Bc5 Qa5 
15.Rfd1 Bf8 16.Qf6 Rg8 17.Bb6 Qe5 18.Qxe5 Nxe5 19.Bc7 1-0

[Event "37th World U20 ch"]
[Site "Kozhikode IND"]
[Date "1998.11.24"]
[Round "7.24"]
[White "Neelotpal, Das"]
[Black "Hossain, Enamul"]
[Result "1-0"]
[WhiteElo "2405"]
[BlackElo "2335"]
[EventDate "1998.11.17"]
[PlyCount "57"]

1.e4 c5 2.Nf3 Nc6 3.Bb5 g6 4.Bxc6 bxc6 5.O-O Bg7 6.Re1 Nh6 7.c3 O-O 8.d4 
cxd4 9.cxd4 f6 10.Nc3 d6 11.h3 Nf7 12.b3 Qa5 13.Bb2 Qh5 14.Ne2 Ng5 15.Nxg5
Qxg5 16.Qd3 Kh8 17.Rac1 f5 18.f4 fxe4 19.Qxe4 Qh4 20.Qxc6 Rb8 21.Bc3 Bb7 
22.Qc4 e5 23.d5 Rbc8 24.Qb5 Ba8 25.Rf1 Qh6 26.Qd3 Rc5 27.fxe5 Rxf1+ 28.
Rxf1 Rxd5 29.exd6 1-0

[Event "37th World U20 ch"]
[Site "Kozhikode IND"]
[Date "1998.11.24"]
[Round "7.25"]
[White "Belmonte, Diego Mariano"]
[Black "Alvarez Marquez, Johan Carlos"]
[Result "1/2-1/2"]
[WhiteElo "2200"]
[BlackElo "2200"]
[EventDate "1998.11.17"]
[PlyCount "108"]

1.d4 Nf6 2.c4 c5 3.d5 g6 4.Nc3 Bg7 5.e4 O-O 6.Nf3 e6 7.Bd3 exd5 8.cxd5 d6 
9.h3 Re8 10.O-O a6 11.a4 Nbd7 12.Bf4 Qc7 13.Re1 Nh5 14.Bh2 Ne5 15.g4 Nf6 
16.Nxe5 dxe5 17.Qd2 h5 18.f3 Kh7 19.Rf1 c4 20.Bc2 hxg4 21.fxg4 Rh8 22.Kg2 
Kg8 23.Rf3 Nxg4 24.d6 Qd8 25.Nd5 Nxh2 26.Ne7+ Kh7 27.Kxh2 Be6 28.Raf1 Re8 
29.Rxf7 Bxf7 30.Rxf7 Rxe7 31.Rxe7 Qf8 32.Rc7 Rd8 33.d7 Bh6 34.Qe2 Bf4+ 35.
Kg2 Qd6 36.Rxb7 Rxd7 37.Rxd7+ Qxd7 38.Qxc4 Qd2+ 39.Kf3 Be3 40.Qe2 Qc1 41.
Kg2 Qg1+ 42.Kf3 Bd4 43.b3 Qg5 44.Bd3 a5 45.Bc4 Kh6 46.Qe1 Bb6 47.Bd5 Bc5 
48.Bc4 Bg1 49.Qg3 Qxg3+ 50.Kxg3 Kg5 51.h4+ Kf6 52.Kg4 Bf2 53.Bb5 Be1 54.
Be8 Bd2 1/2-1/2

[Event "37th World U20 ch"]
[Site "Kozhikode IND"]
[Date "1998.11.24"]
[Round "7.26"]
[White "Karatekin, Tamer"]
[Black "Dias, Paulo"]
[Result "1-0"]
[WhiteElo "2325"]
[BlackElo "2295"]
[EventDate "1998.11.17"]
[PlyCount "26"]

1.e4 d5 2.exd5 Nf6 3.d4 Bg4 4.f3 Bf5 5.g4 Bg6 6.c4 e6 7.dxe6 Nc6 8.Be3 
Bb4+ 9.Nc3 Qe7 10.Qd2 O-O-O 11.g5 Nh5 12.a3 Bc5 13.Nd5 Qxe6 1-0

[Event "37th World U20 ch"]
[Site "Kozhikode IND"]
[Date "1998.11.24"]
[Round "7.27"]
[White "Stinis, Steven"]
[Black "Abbasov, Farid"]
[Result "0-1"]
[WhiteElo "2005"]
[BlackElo "2290"]
[EventDate "1998.11.17"]
[PlyCount "52"]

1.Nc3 d5 2.e4 c6 3.Nf3 Bg4 4.h3 Bxf3 5.Qxf3 e6 6.Qg3 Nf6 7.e5 Nfd7 8.f4 g6
9.Be2 h5 10.O-O c5 11.d3 Nc6 12.b3 Nd4 13.Bd1 Be7 14.Qe1 h4 15.Ne2 Nf5 16.
c4 d4 17.Rf3 Qc7 18.Qf1 O-O-O 19.g4 hxg3 20.Nxg3 Nh4 21.Rf2 g5 22.Bg4 gxf4
23.Bxf4 Ng6 24.Ne4 Nxf4 25.Rxf4 Nxe5 26.Rxf7 Nxg4 0-1

[Event "37th World U20 ch"]
[Site "Kozhikode IND"]
[Date "1998.11.24"]
[Round "7.28"]
[White "De Wachter, Matthias"]
[Black "Chokshi, Manthan"]
[Result "1-0"]
[WhiteElo "2170"]
[BlackElo "2220"]
[EventDate "1998.11.17"]
[PlyCount "69"]

1.d4 Nf6 2.c4 e5 3.dxe5 Ng4 4.e3 Nxe5 5.Nh3 Bb4+ 6.Bd2 Bxd2+ 7.Qxd2 d6 8.
Nf4 Bf5 9.Nc3 Nbd7 10.Be2 O-O 11.O-O a5 12.e4 Bg6 13.Nfd5 f5 14.f4 Nc6 15.
Bd3 Nc5 16.exf5 Bxf5 17.Bxf5 Rxf5 18.Rae1 Rf7 19.Ne4 Nxe4 20.Rxe4 Qd7 21.
Rfe1 Raf8 22.R1e3 Qf5 23.Qe2 h6 24.g4 Qg6 25.h4 h5 26.g5 Nb4 27.Ne7+ Rxe7 
28.Rxe7 Rxf4 29.R3e4 Rxh4 30.Rxh4 Qxg5+ 31.Kf1 Qf6+ 32.Kg2 Qxh4 33.Qe6+ 
Kh8 34.Qc8+ Kh7 35.Qf5+ 1-0

[Event "37th World U20 ch"]
[Site "Kozhikode IND"]
[Date "1998.11.24"]
[Round "7.29"]
[White "Medak, Bojan"]
[Black "Kosmac, Blazimir"]
[Result "1-0"]
[WhiteElo "2220"]
[BlackElo "2175"]
[EventDate "1998.11.17"]
[PlyCount "72"]

1.e4 c5 2.c3 d6 3.d4 Nf6 4.Bd3 g6 5.dxc5 dxc5 6.e5 c4 7.Qa4+ Bd7 8.Qxc4 
Ng4 9.Nf3 Nc6 10.Be4 Ncxe5 11.Nxe5 Nxe5 12.Qe2 Bg7 13.O-O O-O 14.Na3 Bc6 
15.Bf4 Bxe4 16.Qxe4 Nc6 17.Rfd1 Qc8 18.Nb5 Qg4 19.f3 Qh5 20.Rd5 e5 21.Be3 
f5 22.Qc4 Kh8 23.Rd7 e4 24.f4 Rac8 25.Qb3 Qe2 26.Bf2 Na5 27.Qd5 e3 28.Bg3 
Qxb2 29.Re1 Nc4 30.Rxb7 Qd2 31.Qe6 a6 32.Na7 Rc5 33.Qe7 Qxc3 34.Qxc5 e2 
35.Bf2 Rd8 36.Nc6 Rc8 1-0

[Event "37th World U20 ch"]
[Site "Kozhikode IND"]
[Date "1998.11.24"]
[Round "7.30"]
[White "Leskiewicz, Maksymilian"]
[Black "Ramu, K."]
[Result "0-1"]
[WhiteElo "2210"]
[BlackElo "2125"]
[EventDate "1998.11.17"]
[PlyCount "116"]

1.d4 Nf6 2.c4 g6 3.Nc3 Bg7 4.e4 d6 5.f3 O-O 6.Bg5 c5 7.d5 h6 8.Bf4 a6 9.a4
Nh5 10.Be3 e6 11.g4 exd5 12.cxd5 Nf6 13.Qd2 Re8 14.Be2 Qe7 15.h4 Qf8 16.
Nh3 h5 17.Nf2 Nbd7 18.Rg1 Rb8 19.g5 Nh7 20.f4 Qe7 21.f5 Bd4 22.Bxd4 cxd4 
23.Qxd4 Nc5 24.Ra3 Nf8 25.f6 Qd8 26.Rg3 Qb6 27.Ncd1 Bd7 28.a5 Qd8 29.b4 
Na4 30.Ne3 b5 31.Nd3 Qc7 32.Kf2 Rbc8 33.Nf4 Nc3 34.Bd3 Re5 35.Rg1 Be8 36.
Kf3 Na4 37.Ne2 Qd7 38.Raa1 Qh3+ 39.Rg3 Qxh4 40.Ng2 Qh2 41.Nef4 Bd7 42.Qg1 
Qxg1 43.Rxg1 Nh7 44.Ne3 h4 45.R3g2 h3 46.Rg3 Nb2 47.Bb1 Nc4 48.Nf1 h2 49.
Rh1 Nxg5+ 50.Kf2 Nxe4+ 51.Bxe4 Rxe4 52.Nxg6 fxg6 53.Rxg6+ Kf8 54.Rxh2 Ne5 
55.Rh8+ Kf7 56.Rg7+ Kxf6 57.Rxc8 Bxc8 58.Rc7 Rc4 0-1

[Event "37th World U20 ch"]
[Site "Kozhikode IND"]
[Date "1998.11.24"]
[Round "7.31"]
[White "Beenish, Bhatia"]
[Black "Hansen, Torbjorn Ringdal"]
[Result "0-1"]
[WhiteElo "2190"]
[BlackElo "2060"]
[EventDate "1998.11.17"]
[PlyCount "88"]

1.e4 c6 2.d4 d5 3.exd5 cxd5 4.c4 Nf6 5.c5 g6 6.Nc3 Bg7 7.Bb5+ Nc6 8.Nf3 
O-O 9.Bxc6 bxc6 10.Ne5 Qc7 11.O-O Nd7 12.f4 f6 13.Ng4 Ba6 14.Rf3 e5 15.f5 
exd4 16.Qxd4 Ne5 17.Rg3 Nxg4 18.Qxg4 Bc8 19.Bf4 Qb7 20.Bd6 Bxf5 21.Qd4 
Rfe8 22.b4 Be4 23.a3 f5 24.Qd2 Qf7 25.Rf1 d4 26.Ne2 d3 27.Nf4 Bh6 28.h4 
Bxf4 29.Qxf4 a5 30.h5 Re6 31.Be5 axb4 32.Bb2 bxa3 33.Ba1 Kf8 34.hxg6 Rxg6 
35.Rxg6 hxg6 36.Qd6+ Qe7 37.Qxg6 Qxc5+ 38.Kh1 Qe7 39.Qh6+ Kf7 40.Qh7+ Ke6 
41.Qg6+ Kd5 42.Rc1 c5 43.Qb6 Bxg2+ 44.Kxg2 Rg8+ 0-1

[Event "37th World U20 ch"]
[Site "Kozhikode IND"]
[Date "1998.11.24"]
[Round "7.33"]
[White "Saurabh, Kherdekar"]
[Black "Menon, R. Praveen"]
[Result "1-0"]
[WhiteElo "2265"]
[BlackElo "2005"]
[EventDate "1998.11.17"]
[PlyCount "83"]

1.d4 Nf6 2.c4 e6 3.Nc3 d5 4.cxd5 exd5 5.Bg5 Be7 6.e3 Bf5 7.Bxf6 Bxf6 8.Qb3
b6 9.Qxd5 Qxd5 10.Nxd5 Bd8 11.Nf3 O-O 12.Rc1 Nd7 13.Be2 c5 14.O-O Be6 15.
Nc3 Bf6 16.Rfd1 Rfd8 17.h3 Be7 18.e4 cxd4 19.Nxd4 Nc5 20.Nxe6 Nxe6 21.Nd5 
Bg5 22.Rc2 Nc5 23.f4 Bh4 24.Bf3 Bg3 25.Rcd2 Kf8 26.f5 Rd6 27.b4 Na4 28.e5 
Bxe5 29.Nxb6 Rxd2 30.Rxd2 Nxb6 31.Bxa8 Nxa8 32.Rd8+ Ke7 33.Rxa8 Kf6 34.g4 
g6 35.fxg6 fxg6 36.Kg2 Ke6 37.Rxa7 h6 38.b5 h5 39.gxh5 gxh5 40.b6 h4 41.b7
Kd5 42.Ra5+ 1-0

[Event "37th World U20 ch"]
[Site "Kozhikode IND"]
[Date "1998.11.25"]
[Round "8.1"]
[White "Sadvakasov, Darmen"]
[Black "Fedorchuk, Sergei"]
[Result "1/2-1/2"]
[WhiteElo "2440"]
[BlackElo "2415"]
[EventDate "1998.11.17"]
[PlyCount "88"]

1.e4 e5 2.Nf3 Nc6 3.Bc4 Bc5 4.c3 Nf6 5.d3 a6 6.Nbd2 O-O 7.Nf1 d5 8.exd5 
Nxd5 9.Ng3 f6 10.O-O Be6 11.b4 Ba7 12.Be3 Bf7 13.Bxa7 Rxa7 14.Qc2 b5 15.
Bb3 a5 16.a4 axb4 17.axb5 Rxa1 18.Rxa1 Nce7 19.cxb4 Qd6 20.Ra4 Nb6 21.
Bxf7+ Rxf7 22.Ne4 Qd7 23.Ra5 Ned5 24.d4 exd4 25.Qd2 Qf5 26.Qxd4 Re7 27.Ng3
Qb1+ 28.Nf1 Qxb4 29.Ra8+ Kf7 30.Qd3 Qc4 31.Ra3 Qxd3 32.Rxd3 Nf4 33.Rb3 
Ne2+ 34.Kh1 Rd7 35.g3 Rd1 36.Kg2 Nd4 37.Nxd4 Rxd4 38.Ne3 Nd5 39.Nf5 Rc4 
40.b6 Nxb6 41.Rxb6 Rc5 42.Rb7 Rxf5 43.Rxc7+ Kg6 44.g4 Ra5 1/2-1/2

[Event "37th World U20 ch"]
[Site "Kozhikode IND"]
[Date "1998.11.25"]
[Round "8.2"]
[White "Fressinet, Laurent"]
[Black "Banikas, Hristos"]
[Result "1/2-1/2"]
[WhiteElo "2455"]
[BlackElo "2490"]
[EventDate "1998.11.17"]
[PlyCount "33"]

1.e4 c5 2.Nf3 d6 3.d4 cxd4 4.Nxd4 Nf6 5.f3 Nc6 6.Nc3 a6 7.Be3 d5 8.Nxd5 
Nxd5 9.exd5 Qxd5 10.Nxc6 Qxc6 11.Bd3 e5 12.Qe2 Be6 13.O-O g6 14.Be4 Qc7 
15.Rfd1 Be7 16.Qf2 Rc8 17.Bb6 1/2-1/2

[Event "37th World U20 ch"]
[Site "Kozhikode IND"]
[Date "1998.11.25"]
[Round "8.3"]
[White "Laxman, Rajaram"]
[Black "Jenni, Florian"]
[Result "1-0"]
[WhiteElo "2225"]
[BlackElo "2430"]
[EventDate "1998.11.17"]
[PlyCount "81"]

1.d4 Nf6 2.c4 g6 3.Nc3 Bg7 4.e4 d6 5.f3 O-O 6.Bg5 c5 7.d5 e6 8.Qd2 exd5 9.
Nxd5 Be6 10.Ne2 Nc6 11.Rd1 Re8 12.Nec3 Bxd5 13.Nxd5 h6 14.Nxf6+ Bxf6 15.
Bxf6 Qxf6 16.Bd3 Kg7 17.O-O Re7 18.Kh1 Nd4 19.f4 Rae8 20.Rde1 Qe6 21.f5 
gxf5 22.exf5 Qf6 23.Rxe7 Rxe7 24.Qf4 Re5 25.h4 Kf8 26.b4 b6 27.bxc5 dxc5 
28.Qf2 Qg7 29.Qf4 f6 30.Kh2 Kg8 31.Rf2 Re8 32.g4 Nc6 33.Be4 Ne5 34.Rg2 Nf7
35.Bd5 Kh7 36.Be6 Ne5 37.Kh3 Rd8 38.Bd5 Nf7 39.Re2 Ne5 40.g5 hxg5 41.hxg5 
1-0

[Event "37th World U20 ch"]
[Site "Kozhikode IND"]
[Date "1998.11.25"]
[Round "8.4"]
[White "Dao Thien Hai"]
[Black "Mirzoev, Azer"]
[Result "1/2-1/2"]
[WhiteElo "2580"]
[BlackElo "2445"]
[EventDate "1998.11.17"]
[PlyCount "46"]

1.d4 d5 2.c4 c6 3.Nf3 Nf6 4.Nc3 dxc4 5.a4 Bf5 6.e3 e6 7.Bxc4 Nbd7 8.O-O 
Bb4 9.Qe2 Bg6 10.e4 O-O 11.Bd3 c5 12.Na2 Ba5 13.Bg5 h6 14.Bxf6 Qxf6 15.e5 
Bxd3 16.Qxd3 Qe7 17.dxc5 Nxc5 18.Qb5 Bb6 19.a5 Bd8 20.b4 Na6 21.Rfd1 Nb8 
22.Rd2 a6 23.Qa4 Qe8 1/2-1/2

[Event "37th World U20 ch"]
[Site "Kozhikode IND"]
[Date "1998.11.25"]
[Round "8.5"]
[White "Ippolito, Dean"]
[Black "Zhang Zhong"]
[Result "0-1"]
[WhiteElo "2430"]
[BlackElo "2510"]
[EventDate "1998.11.17"]
[PlyCount "71"]

1.d4 f5 2.Nc3 Nf6 3.Bg5 d5 4.Bxf6 exf6 5.e3 Be6 6.Nf3 c6 7.g3 Nd7 8.Bg2 
Nb6 9.Ne2 Nc4 10.b3 Nd6 11.Nd2 Ne4 12.c3 g6 13.O-O h5 14.Qc2 h4 15.Rfc1 
hxg3 16.hxg3 Ba3 17.Rcb1 Bd6 18.c4 Qd7 19.c5 Bc7 20.b4 a6 21.a4 Kf8 22.Ra2
g5 23.b5 Qh7 24.bxc6 Nxd2 25.Qxd2 f4 26.Qc1 bxc6 27.Rb7 Qh2+ 28.Kf1 f3 29.
Bxf3 Bh3+ 30.Ke1 Ba5+ 31.Nc3 Qg1+ 32.Kd2 Qxf2+ 33.Be2 Re8 34.Kc2 Rxe3 35.
Rb8+ Kg7 36.Rb7+ 0-1

[Event "37th World U20 ch"]
[Site "Kozhikode IND"]
[Date "1998.11.25"]
[Round "8.6"]
[White "Kobalia, Mikhail"]
[Black "Blehm, Pawel"]
[Result "1/2-1/2"]
[WhiteElo "2505"]
[BlackElo "2420"]
[EventDate "1998.11.17"]
[PlyCount "101"]

1.e4 c5 2.Nf3 Nc6 3.d4 cxd4 4.Nxd4 Nf6 5.Nc3 d6 6.Bg5 e6 7.Qd2 a6 8.O-O-O 
Be7 9.f4 Nxd4 10.Qxd4 b5 11.Bxf6 gxf6 12.Be2 Qc7 13.f5 Qc5 14.Qxc5 dxc5 
15.fxe6 fxe6 16.Bh5+ Kf8 17.e5 f5 18.g4 Ra7 19.gxf5 exf5 20.Nd5 Kg7 21.
Nxe7 Rxe7 22.Rd6 Rf8 23.Rg1+ Kh8 24.Rf6 Rd8 25.Rd1 Rxd1+ 26.Bxd1 Bd7 27.
Rxa6 Rxe5 28.Ra8+ Kg7 29.Ra7 Re7 30.c4 Kf6 31.cxb5 Bxb5 32.Ra5 Be2 33.Rxc5
f4 34.Bc2 Bg4 35.Rc4 Kg5 36.h4+ Kxh4 37.Rxf4 Kg3 38.Rd4 h5 39.Be4 h4 40.
Bd5 h3 41.Rd3+ Kf2 42.Rd4 Kg3 43.Rd3+ Kf2 44.Rd4 Rg7 45.Kc2 h2 46.b4 Bf5+ 
47.Kc3 Ke3 48.Rc4 Rd7 49.Rh4 Rh7 50.Rc4 Rd7 51.Rh4 1/2-1/2

[Event "37th World U20 ch"]
[Site "Kozhikode IND"]
[Date "1998.11.25"]
[Round "8.7"]
[White "Nataf, Igor-Alexandre"]
[Black "Halkias, Stelios"]
[Result "0-1"]
[WhiteElo "2485"]
[BlackElo "2435"]
[EventDate "1998.11.17"]
[PlyCount "24"]

1.e4 c5 2.Nf3 Nc6 3.d4 cxd4 4.Nxd4 Qc7 5.Nc3 e6 6.Be2 a6 7.O-O Nf6 8.Re1 
Nxd4 9.Qxd4 Be7 10.Qd3 b5 11.Bg5 Bb7 12.f4 e5 0-1

[Event "37th World U20 ch"]
[Site "Kozhikode IND"]
[Date "1998.11.25"]
[Round "8.8"]
[White "Vuckovic, Bojan"]
[Black "Socko, Bartosz"]
[Result "1-0"]
[WhiteElo "2435"]
[BlackElo "2475"]
[EventDate "1998.11.17"]
[PlyCount "113"]

1.e4 e5 2.Nf3 Nc6 3.Bb5 a6 4.Ba4 Nf6 5.O-O Be7 6.Re1 b5 7.Bb3 d6 8.c3 O-O 
9.h3 Nb8 10.d4 Nbd7 11.Nbd2 Bb7 12.Bc2 Re8 13.Nf1 Bf8 14.Ng3 g6 15.a4 Bg7 
16.d5 Nb6 17.a5 Nc8 18.b3 Ne7 19.Bg5 h6 20.Be3 Nxe4 21.Nxe4 Nxd5 22.b4 
Nxe3 23.fxe3 f5 24.Ned2 e4 25.Nd4 Kh7 26.Nf1 Be5 27.Qd2 Qf6 28.Rad1 Rad8 
29.Bb3 Rd7 30.c4 bxc4 31.Bxc4 d5 32.Bb3 g5 33.Ba4 c6 34.Rc1 Rc7 35.Red1 
Rf8 36.Qf2 f4 37.Rc2 Rfc8 38.Nb3 Rf8 39.Rdc1 f3 40.Rd1 Qe7 41.Nd4 Rf6 42.
Rb1 Qf8 43.Nh2 h5 44.gxf3 Rcf7 45.Qe2 Bxd4 46.exd4 exf3 47.Qf2 Qc8 48.Qe3 
Rf4 49.Kh1 Qf5 50.Rf1 h4 51.Qg1 Bc8 52.Rcf2 Qe4 53.Bc2 Bxh3 54.Bxe4+ dxe4 
55.Qxg5 e3 56.Rxf3 e2 57.Rxf4 1-0

[Event "37th World U20 ch"]
[Site "Kozhikode IND"]
[Date "1998.11.25"]
[Round "8.9"]
[White "Florean, Andrei"]
[Black "Aliev, Rasim"]
[Result "1/2-1/2"]
[WhiteElo "2450"]
[BlackElo "2295"]
[EventDate "1998.11.17"]
[PlyCount "67"]

1.d4 d5 2.c4 e6 3.Nf3 Nf6 4.Nc3 Nbd7 5.e3 Be7 6.Qc2 O-O 7.b3 c6 8.Bd3 b6 
9.O-O Bb7 10.Bb2 Rc8 11.Rad1 Qc7 12.Ne5 Rfd8 13.f4 Nf8 14.Qe2 c5 15.f5 Ba6
16.Kh1 Bd6 17.fxe6 fxe6 18.cxd5 Bxd3 19.Nxd3 exd5 20.dxc5 Bxc5 21.Nxc5 
Qxc5 22.Nb5 Ne4 23.a4 Qc2 24.Rde1 Qxb3 25.Nd4 Qxa4 26.Nf5 Rc7 27.Ra1 Qe8 
28.Bxg7 Rxg7 29.Nxg7 Kxg7 30.Rxa7+ Kg8 31.Qb2 Qg6 32.Qe5 Ne6 33.Rb7 N4c5 
34.Rb8 1/2-1/2

[Event "37th World U20 ch"]
[Site "Kozhikode IND"]
[Date "1998.11.25"]
[Round "8.11"]
[White "Khamrakulov, Ibragim"]
[Black "Soln, Primoz"]
[Result "1/2-1/2"]
[WhiteElo "2315"]
[BlackElo "2470"]
[EventDate "1998.11.17"]
[PlyCount "112"]

1.e4 e6 2.d4 d5 3.exd5 exd5 4.Bd3 Nc6 5.c3 Bd6 6.Qf3 Be6 7.h3 Nge7 8.Ne2 
Qd7 9.Bf4 O-O-O 10.Nd2 Bf5 11.O-O-O Bxd3 12.Qxd3 Na5 13.Bxd6 Qxd6 14.b4 
Nac6 15.Nb3 Nb8 16.Kb2 Nd7 17.Rhe1 Nb6 18.Nd2 Kb8 19.Qg3 Qc6 20.Nc1 Nf5 
21.Qd3 Nd6 22.Ncb3 Na4+ 23.Kc2 Nc4 24.Na5 Nxa5 25.bxa5 Rhe8 26.Rb1 a6 27.
Nf3 f6 28.Nd2 Ka7 29.Re3 Rxe3 30.fxe3 b6 31.axb6+ cxb6 32.Rb3 Rc8 33.e4 b5
34.exd5 Qxd5 35.Qe4 Qd7 36.g4 h6 37.Qf5 Qc7 38.Qf3 Qd6 39.Qe3 Rc7 40.Qe4 
Re7 41.Qf3 Rc7 42.Qf2 Re7 43.Qf3 Nb6 44.Rb1 Qa3 45.Qc6 Qxa2+ 46.Rb2 Qf7 
47.Rb3 Rc7 48.Qd6 Rd7 49.Qc6 Rc7 50.Qd6 Na4 51.Ne4 Qc4 52.Nc5 Qe2+ 53.Kc1 
Qf1+ 54.Kc2 Qe2+ 55.Kc1 Qe1+ 56.Kc2 Qe2+ 1/2-1/2

[Event "37th World U20 ch"]
[Site "Kozhikode IND"]
[Date "1998.11.25"]
[Round "8.12"]
[White "Salmensuu, Olli"]
[Black "Williams, Simon"]
[Result "1/2-1/2"]
[WhiteElo "2420"]
[BlackElo "2335"]
[EventDate "1998.11.17"]
[PlyCount "118"]

1.e4 e6 2.d4 d5 3.Nc3 Bb4 4.e5 c5 5.a3 Bxc3+ 6.bxc3 Nc6 7.Qg4 g6 8.Nf3 Qa5
9.Bd2 Qa4 10.Ra2 Bd7 11.h4 h6 12.Qf4 c4 13.Be2 Rh7 14.Nh2 O-O-O 15.O-O 
Nce7 16.Ng4 Nf5 17.g3 Qa5 18.Kg2 Rg7 19.Be1 Ba4 20.Qc1 Qc7 21.Bd2 Rh7 22.
Bf4 Qe7 23.Qb1 b5 24.Rh1 a6 25.Nh2 Rg7 26.Bg4 g5 27.hxg5 hxg5 28.Bd2 Ngh6 
29.Bxf5 exf5 30.Nf3 Ng8 31.Rh5 f4 32.gxf4 gxf4+ 33.Kf1 Qe6 34.Ke2 Qg6 35.
Qh1 Bxc2 36.Ne1 Bd1+ 37.Kxd1 Qb1+ 38.Ke2 Qxa2 39.Qh3+ Kb7 40.Qh4 Rf8 41.
Qh1 Kc6 42.Rh6+ Rg6 43.Rxg6+ fxg6 44.Qh7 Qb1 45.Qa7 f3+ 46.Kf1 Qf5 47.
Qxa6+ Kd7 48.Qxb5+ Ke6 49.Qc6+ Kf7 50.Qxd5+ Kg7 51.Qxc4 Qh3+ 52.Kg1 Rf5 
53.Qc7+ Kh8 54.Qc6 Qg4+ 55.Kf1 Qh5 56.Kg1 Qg4+ 57.Kf1 g5 58.Qg6 Qh3+ 59.
Kg1 Qg4+ 1/2-1/2

[Event "37th World U20 ch"]
[Site "Kozhikode IND"]
[Date "1998.11.25"]
[Round "8.16"]
[White "Sandipan, Chanda"]
[Black "Neelotpal, Das"]
[Result "1/2-1/2"]
[WhiteElo "2305"]
[BlackElo "2405"]
[EventDate "1998.11.17"]
[PlyCount "73"]

1.e4 c5 2.Nf3 d6 3.d3 Nc6 4.g3 g6 5.Bg2 Bg7 6.O-O e5 7.Nc3 Nge7 8.Be3 O-O 
9.Nd2 Be6 10.f4 exf4 11.Bxf4 d5 12.Kh1 h6 13.Nb3 d4 14.Nb5 Bxb3 15.axb3 
Ne5 16.Na3 N7c6 17.Nc4 Kh7 18.Bh3 Qe7 19.Rf2 b5 20.Nxe5 Nxe5 21.Qe1 Rab8 
22.Ra6 Rb7 23.Qa5 Kg8 24.Bxe5 Bxe5 25.Rc6 Rfb8 26.Qa3 Rc7 27.Qa6 Kg7 28.
Rf1 h5 29.Ra1 h4 30.Rxc7 Bxc7 31.Qc6 a5 32.Qd7 Qxd7 33.Bxd7 hxg3 34.hxg3 
Bxg3 35.Rxa5 Rh8+ 36.Kg2 Bd6 37.Bh3 1/2-1/2

[Event "37th World U20 ch"]
[Site "Kozhikode IND"]
[Date "1998.11.25"]
[Round "8.17"]
[White "Sasikiran, Krishnan"]
[Black "Janz, Frerik"]
[Result "1-0"]
[WhiteElo "2470"]
[BlackElo "2240"]
[EventDate "1998.11.17"]
[PlyCount "59"]

1.d4 d5 2.c4 dxc4 3.Nf3 a6 4.e3 Nf6 5.Bxc4 e6 6.O-O c5 7.Qe2 b5 8.Bb3 Bb7 
9.a4 Nbd7 10.axb5 axb5 11.Rxa8 Qxa8 12.Nc3 b4 13.Nb5 Bxf3 14.gxf3 Qb8 15.
f4 g6 16.Rd1 Be7 17.e4 cxd4 18.Nxd4 Nc5 19.Bc4 Ncxe4 20.Bb5+ Kf8 21.f5 Kg7
22.fxe6 Bc5 23.exf7 Qb6 24.Be3 Nd5 25.Bc4 Nxe3 26.Qxe3 Bxd4 27.Rxd4 Nf6 
28.Qe5 Rd8 29.Qe7 Rf8 30.Rd6 1-0